000
00346nam a2200145Ia 4500
008
151213s9999 xx 000 0 und d
100
_a
M. Crask
245
_a
Marketing Research
_c
M. Crask
260
_a
New Jersey
_b
Prentic Hall
_c
1994
300
_a
2733 p.
650
_a
Marketing
650
_a
Marketing
700
_a
M. Crask
999
_c
1844
_d
1844